Cvičenie z fyzikálnej chémie 1

Bibliographic Details
Main Authors: Holba, Vladislav, 1933- (Author), Kozák, J. (Author), Treindl, Ľudovít, 1930-2021 (Author)
Format: Book
Language:Slovak
PhysicalDescription:37 strán grafy, ilustrácie, tabuľky 21 cm
Published: Bratislava Slovenské pedagogické nakladateľstvo 1961
Edition:1. vyd.
Series:Vysokoškolské učebné texty
Subjects:

MARC

LEADER 00000cam a2200000 a 4500
001 vtls001451872
003 SK-MaSNL
005 20260301073141.0
008 151015s1961 xo dal frnp 00000 slo
015 |a SNBA1961 
020 |q (viazané) 
035 |a SNK000407179 
040 |a SNK  |b slo  |c SNK  |e AACR2 
041 0 |a slo 
044 |a xo  |c SK 
072 7 |a 544  |x Fyzikálna chémia  |2 konspekt 
072 7 |a 37.016  |x Učebné osnovy. Vyučovacie predmety. Učebnice  |2 konspekt 
080 |a 544  |2 2011 
080 |a (076.5)  |2 2011 
080 |a (075.8)  |2 2011 
080 |a 37+004.855.5  |2 2011 
100 1 |a Holba, Vladislav,  |d 1933-  |4 aut  |9 112530 
245 1 0 |a Cvičenie z fyzikálnej chémie  |n 1  |c autori: V. Holba, J. Kozák, Ľ. Treindl 
250 |a 1. vyd. 
260 |a Bratislava  |b Slovenské pedagogické nakladateľstvo  |c 1961 
300 |a 37 strán  |b grafy, ilustrácie, tabuľky  |c 21 cm 
366 |e 252 kusov 
490 1 |a Vysokoškolské učebné texty 
500 |a Vydala Univerzita Komenského v Bratislave, Prírodovedecká fakulta 
504 |a Obsahuje bibliografiu 
521 |a Určené pre poslucháčov Prírodovedeckej fakulty UK v Bratislave, študujúcich kombinácie chémia - fyzika alebo biológia - chémia 
650 0 7 |a fyzikálna chémia  |2 SNKPH  |9 848 
650 0 7 |a príklady  |2 SNKPH  |9 30624 
655 7 |a učebnice vysokých škôl  |2 SNKPH  |9 70191 
655 7 |a praktické cvičenia  |2 SNKPH  |9 70517 
700 1 |a Kozák, J.  |4 aut  |9 298187 
700 1 |a Treindl, Ľudovít,  |d 1930-2021  |4 aut  |9 39743 
710 2 |a Univerzita Komenského v Bratislave.  |b Prírodovedecká fakulta  |4 pbl 
810 2 |a Univerzita Komenského v Bratislave.  |b Prírodovedecká fakulta  |t Vysokoškolské učebné texty  |9 352299 
958 |a RK 
958 |a TL 
958 |a OND 
958 |a UV 
958 |a NB 
999 |c 643266  |d 645196 
952 |a SNK  |b SNK  |y PREZ  |7 0  |p 17A0756989  |o snkSB 8105/1  |0 0  |1 0  |4 0  |d 2011-11-05  |l 0  |r 2026-02-23 17:58:46  |w 2026-02-23 
952 |t P60, <04>, [BOOK], {604}  |a SNK  |b SNK  |y VYP  |7 0  |p 17A0376654  |o snkSB 8105/1 D1  |i snkKSP 462/62  |0 0  |1 0  |4 0  |d 2003-03-28  |l 0  |r 2005-01-02 00:00:00  |w 2026-02-23